[Event "AGAH IIIIIIIIII"]
[Site "SchemingMind.com"]
[Date "2022.11.14"]
[Round "-"]
[White "Thomas Jacob Kelly"]
[Black "Steven DuCharme"]
[Result "1-0"]
[WhiteCountry "USA"]
[BlackCountry "USA"]
[WhiteElo "1833"]
[WhiteRD "94"]
[BlackElo "1520"]
[BlackRD "65"]
[GameID "728383"]

1. a3 a6 2. e4 b5 3. Nc3 Bb7 4. Nh3 h6 5. d4 Nf6 6. f3 e6 7. Nf2 Be7 8. h4 Nc6 9. h5 O-O 10. g4 d5
11. e5 Nh7 12. Bd3 Bh4 13. Be3 Na5 14. b3 Bxf2+ 15. Kxf2 f5 16. gxf5 exf5 17. Ne2 Ng5 18. Qd2 c6 19. Rag1
1-0

[Event "AGAH IIIIIIIIII"]
[Site "SchemingMind.com"]
[Date "2022.11.17"]
[Round "-"]
[White "Helga1946"]
[Black "heuschrecke"]
[Result "0-1"]
[WhiteCountry "GER"]
[BlackCountry "GER"]
[WhiteElo "2433"]
[WhiteRD "76"]
[BlackElo "2417"]
[BlackRD "103"]
[GameID "728450"]

1. a3 g6 2. c4 Bg7 3. d4 d5 4. cxd5 Qxd5 5. Nf3 c5 6. Nc3 Qd8 7. d5 Nf6 8. e4 O-O 9. Be3 b6 10. Be2 e6
11. O-O a6 12. a4 exd5 13. exd5 Bb7 14. Bc4 Nbd7 15. Re1 b5 16. axb5 axb5 17. Rxa8 Qxa8 18. Bxc5 Nxc5 19. Nxb5 Bxd5
0-1

[Event "AGAH IIIIIIIIII"]
[Site "SchemingMind.com"]
[Date "2022.11.17"]
[Round "-"]
[White "heuschrecke"]
[Black "Helga1946"]
[Result "1/2-1/2"]
[WhiteCountry "GER"]
[BlackCountry "GER"]
[WhiteElo "2417"]
[WhiteRD "103"]
[BlackElo "2433"]
[BlackRD "76"]
[GameID "728451"]

1. a3 e5 2. e4 Nf6 3. Nc3 Bc5 4. Nf3 d6 5. Bc4 O-O 6. d3 c6 7. O-O h6 8. b4 Bb6 9. h3 Re8 10. Bb3 Nbd7
11. Ne2 Nf8 12. c4 a5 13. Bb2 Ng6 14. Ng3 Nf4 15. c5 Bc7 16. d4 exd4 17. cxd6 Bxd6 18. Re1 Bc7 19. Bxd4 Be6 20. Rb1 axb4
21. axb4 Nh7 22. h4 Nf8 23. Nf5 Bxf5 24. exf5 Rxe1+ 25. Qxe1 Qd7 26. Bc2 Re8 27. Qd2 Re2 28. Qc3 Re7 29. Kf1 Ne2 30. Qd3 Nxd4
31. Qxd4=
1/2-1/2

[Event "AGAH IIIIIIIIII"]
[Site "SchemingMind.com"]
[Date "2022.12.26"]
[Round "-"]
[White "AussieMossie"]
[Black "Drag0nBall"]
[Result "1/2-1/2"]
[WhiteCountry "AUS"]
[BlackCountry "NCA"]
[WhiteElo "2518"]
[WhiteRD "86"]
[BlackElo "2379"]
[BlackRD "111"]
[GameID "729502"]

1. a3 c5 2. Nf3 Nf6 3. e3 Nc6 4. d4 cxd4 5. exd4 d5 6. Bf4 Qb6 7. b4 Bg4 8. c3 Ne4 9. a4 e5 10. a5 Qc7
11. dxe5 g5 12. Qxd5 Nxc3 13. Nxc3 gxf4 14. Bb5 Bxb4 15. Qd4 Bd7 16. Bxc6 Bxc3+ 17. Qxc3 Qxc6 18. Qxc6 Bxc6 19. O-O Bxf3= 20. gxf3 Rg8+
21. Kh1 Rg5 22. Rg1 Rxg1+ 23. Rxg1 Rd8 24. Rb1 Rd7 25. Rb4 Re7 26. Re4 b5 27. axb6 axb6 28. Kg2 b5 29. Kf1 Kf8 30. Ke2 Kg7
31. Kd3 Kg6 32. Rxf4 Rxe5 33. Rd4 Rf5=
1/2-1/2

[Event "AGAH IIIIIIIIII"]
[Site "SchemingMind.com"]
[Date "2022.12.26"]
[Round "-"]
[White "Drag0nBall"]
[Black "AussieMossie"]
[Result "1/2-1/2"]
[WhiteCountry "NCA"]
[BlackCountry "AUS"]
[WhiteElo "2391"]
[WhiteRD "115"]
[BlackElo "2500"]
[BlackRD "88"]
[GameID "729503"]

1. a3 c5 2. Nf3 Nf6 3. c3 d5 4. d4 e6 5. Bf4 Bd6 6. Bg3 b6 7. e3 O-O 8. Nbd2 Bb7 9. Bd3 Nc6 10. O-O Bxg3
11. hxg3 Rc8 12. Re1 Qe7 13. dxc5 Qxc5 14. Qe2 Rfd8 15. e4 Ne5 16. Nxe5 dxe4 17. Nxe4 Qxe5 18. Nxf6+ Qxf6 19. Qc2 h5 20. Rad1 h4
21. gxh4= Qxh4 22. Bf1 Rxd1 23. Rxd1 Rc5 24. Rd3 g6 25. Qd2 Rh5 26. Rh3 Qg5 27. Qxg5 Rxg5 28. Rd3 Rd5 29. Rxd5 Bxd5 30. f4 Kg7
31. Kf2 Kf6 32. b4 e5 33. g3 g5 34. Ke3 exf4+ 35. gxf4 g4 36. c4 Bc6 37. Kf2 Ke6 38. Kg3 f5 39. Bd3 Bd7 40. Kh4 Bc6
41. Kg3=
1/2-1/2

[Event "AGAH IIIIIIIIII"]
[Site "SchemingMind.com"]
[Date "2023.01.10"]
[Round "-"]
[White "Derek Price"]
[Black "heuschrecke"]
[Result "1/2-1/2"]
[WhiteCountry "ENG"]
[BlackCountry "GER"]
[WhiteElo "2362"]
[WhiteRD "68"]
[BlackElo "2349"]
[BlackRD "80"]
[GameID "730156"]

1. a3 g6 2. e4 d6 3. d4 Bg7 4. Nf3 Nf6 5. Nc3 O-O 6. Be3 e5 7. dxe5 dxe5 8. Qxd8 Rxd8 9. h3 Nc6 10. Bd3 a6
11. O-O h6 12. Bc4 Ne8 13. Rfd1 Nd4 14. Bxd4 exd4 15. Ne2 Nd6 16. Bd3 c5 17. e5 c4 18. exd6 cxd3 19. Rxd3 Bf5 20. Rd2 d3
21. cxd3 Rxd6 22. d4=
1/2-1/2

[Event "AGAH IIIIIIIIII"]
[Site "SchemingMind.com"]
[Date "2023.01.10"]
[Round "-"]
[White "heuschrecke"]
[Black "Derek Price"]
[Result "1/2-1/2"]
[WhiteCountry "GER"]
[BlackCountry "ENG"]
[WhiteElo "2349"]
[WhiteRD "80"]
[BlackElo "2362"]
[BlackRD "68"]
[GameID "730157"]

1. a3 g6 2. e4 c5 3. Nf3 Bg7 4. d4 cxd4 5. Nxd4 Nf6 6. Nc3 O-O 7. Be2 Nc6 8. Be3 d5 9. Nxc6 bxc6 10. e5 Ne8
11. f4 f6 12. exf6 Nxf6 13. Bd4 Qc7 14. O-O Ne8 15. Bxg7 Nxg7 16. Qd2 Ne6 17. f5 Rxf5 18. Bg4 Rf6 19. Bxe6+ Bxe6 20. Rxf6=
1/2-1/2

[Event "AGAH IIIIIIIIII"]
[Site "SchemingMind.com"]
[Date "2023.01.21"]
[Round "-"]
[White "MazetaFighter"]
[Black "Greg Magne"]
[Result "0-1"]
[WhiteCountry "GRE"]
[BlackCountry "CAN"]
[WhiteElo "1992"]
[WhiteRD "89"]
[BlackElo "1831"]
[BlackRD "75"]
[GameID "730450"]

1. a3 d5 2. e3 e5 3. d4 Nc6 4. dxe5 Nxe5 5. Be2 Nf6 6. Nc3 c6 7. Nf3 Bd6 8. b4 Bf5 9. Bb2 Qe7 10. Nxe5 Bxe5
11. O-O O-O 12. Rb1 a5 13. Bf3 axb4 14. axb4 Ra7 15. b5 Rfa8 16. bxc6 bxc6 17. Ne2 Ra2 18. Bxe5 Qxe5 19. Rc1 Ne4 20. Qd4 Qd6
21. Rfd1 R8a4 22. Qb6 Rb4
0-1

[Event "AGAH IIIIIIIIII"]
[Site "SchemingMind.com"]
[Date "2023.01.21"]
[Round "-"]
[White "Greg Magne"]
[Black "MazetaFighter"]
[Result "1/2-1/2"]
[WhiteCountry "CAN"]
[BlackCountry "GRE"]
[WhiteElo "1839"]
[WhiteRD "72"]
[BlackElo "2002"]
[BlackRD "82"]
[GameID "730451"]

1. a3 g6 2. Nc3 d5 3. d3 d4 4. Ne4 Bg7 5. Nf3 Nf6 6. Nxf6+ Bxf6 7. g3 O-O 8. Bg2 Bg7 9. O-O c6 10. Bg5 h6
11. Bd2 e5 12. e4 c5 13. b4 cxb4 14. axb4 a6 15. Qb1 Nc6 16. b5 Na7 17. bxa6 bxa6 18. c3 dxc3 19. Bxc3 Nc6 20. Rd1 Re8
21. Qb2 Bg4 22. h3 Bxf3 23. Bxf3 a5 24. Ra4 Qf6 25. Bg2 Rab8 26. Qa1 h5 27. Bxa5 Nd4= 28. Ra2 Rec8 29. Rc1=
1/2-1/2

[Event "AGAH IIIIIIIIII"]
[Site "SchemingMind.com"]
[Date "2023.03.10"]
[Round "-"]
[White "Thomas Jacob Kelly"]
[Black "Greg Magne"]
[Result "0-1"]
[WhiteCountry "USA"]
[BlackCountry "CAN"]
[WhiteElo "1772"]
[WhiteRD "97"]
[BlackElo "1814"]
[BlackRD "66"]
[GameID "732099"]

1. a3 d5 2. b3 c5 3. e3 Nc6 4. f4 e5 5. fxe5 Nxe5 6. d4 Ng6 7. Nf3 Nf6 8. c4 cxd4 9. Qxd4 Qc7 10. Ra2 Bc5
11. Qa1 dxc4 12. Bxc4 O-O 13. Nc3 Re8 14. Re2 Ne5 15. Nd5 Nxd5 16. Bxd5 Bf5 17. Bb2 Nd3+ 18. Kd2 Rad8 19. Bxf7+ Qxf7 20. Nd4 Nxb2
21. Qxb2 Bg4 22. Ree1 Rxe3
0-1

[Event "AGAH IIIIIIIIII"]
[Site "SchemingMind.com"]
[Date "2023.03.10"]
[Round "-"]
[White "Greg Magne"]
[Black "Thomas Jacob Kelly"]
[Result "0-1"]
[WhiteCountry "CAN"]
[BlackCountry "USA"]
[WhiteElo "1814"]
[WhiteRD "66"]
[BlackElo "1772"]
[BlackRD "97"]
[GameID "732100"]

1. a3 c5 2. b4 cxb4 3. Bb2 d5 4. axb4 Qb6 5. Nc3 Nf6 6. e3 e6 7. b5 Bb4 8. Nf3 Bd7 9. Be2 Bxc3 10. Bxc3 Bxb5
11. O-O Nbd7 12. Rb1 Bxe2 13. Qxe2 Qc7 14. Qb5 b6 15. Rb3 O-O 16. Ra1 Rfb8 17. Bb2 Ne8 18. Rc3 Nc5 19. d4 Nd6 20. Qb4 a5
21. Qa3 Nb5 22. Qa2 Nxc3 23. Bxc3 Nb7 24. Bd2 Rc8 25. c3 Nd6 26. h3 Ne4 27. Rc1 b5 28. Qb1 Qd7 29. Qd3 a4 30. Be1 f6
31. Ra1 Qc6 32. g3 Nxc3 33. Rc1 b4
0-1

[Event "AGAH IIIIIIIIII"]
[Site "SchemingMind.com"]
[Date "2023.04.18"]
[Round "-"]
[White "Robert Bruce"]
[Black "Thomas Jacob Kelly"]
[Result "1-0"]
[WhiteCountry "SCO"]
[BlackCountry "USA"]
[WhiteElo "2294"]
[WhiteRD "68"]
[BlackElo "1777"]
[BlackRD "98"]
[GameID "733205"]

1. a3 c5 2. b4 cxb4 3. axb4 e6 4. b5 Nf6 5. Nf3 Be7 6. c4 Qc7 7. e3 b6 8. Ba3 d5 9. Nc3 O-O 10. Bxe7 Qxe7
11. cxd5 exd5 12. Be2 Ne4 13. Nxd5 Qd6 14. Nf4 Rd8 15. Qc2 Bf5 16. Bd3 Re8 17. O-O Nd7 18. Nd4 g6 19. f3
1-0

[Event "AGAH IIIIIIIIII"]
[Site "SchemingMind.com"]
[Date "2023.04.17"]
[Round "-"]
[White "Thomas Jacob Kelly"]
[Black "Robert Bruce"]
[Result "0-1"]
[WhiteCountry "USA"]
[BlackCountry "SCO"]
[WhiteElo "1777"]
[WhiteRD "98"]
[BlackElo "2294"]
[BlackRD "68"]
[GameID "733206"]

1. a3 g6 2. e4 Bg7 3. d4 d6 4. Nf3 Nf6 5. Nc3 c6 6. Bg5 Nbd7 7. e5 dxe5 8. dxe5 Ng4 9. e6 fxe6 10. Ne4 Bxb2
11. Nd6+ Kf8 12. h3 Qa5+ 13. Bd2 Nxf2 14. Bxa5 Nxd1 15. Rxd1 exd6 16. Rxd6 Ne5 17. Ng5 b6 18. Bb4 c5 19. Nxe6+ Bxe6 20. Bxc5 Bc3+
21. Kf2 Kf7 22. Bb4 Rac8 23. Bd3 Rhe8 24. Rf1 Kg7 25. Kg1 Re7 26. Rxb6 axb6 27. Bxe7 Bd4+ 28. Kh1 Nxd3 29. cxd3 Bd5
0-1

[Event "AGAH IIIIIIIIII"]
[Site "SchemingMind.com"]
[Date "2023.11.25"]
[Round "-"]
[White "Drag0nBall"]
[Black "Robert Bruce"]
[Result "0-1"]
[WhiteCountry "NCA"]
[BlackCountry "SCO"]
[WhiteElo "2397"]
[WhiteRD "115"]
[BlackElo "2273"]
[BlackRD "66"]
[GameID "739387"]

1. a3 d5 2. d4 c6 3. Nf3 Nf6 4. Bf4 g6 5. e3 Bg7 6. h3 c5 7. Nbd2 Nfd7 8. c3 O-O 9. Be2 Nc6 10. O-O e5
11. dxe5 Ndxe5 12. Nxe5 Nxe5 13. Nf3 Re8 14. Qb3 c4 15. Qd1 Nxf3+ 16. Bxf3 Be6 17. Re1 h6 18. Re2 Re7 19. e4 d4 20. cxd4 Bxd4
21. Bxh6 Rd7 22. Qc1 Rc8 23. Bd2 Rc5 24. Bb4 Rb5 25. Rd2 Qg5 26. Rxd4 Qxc1+ 27. Rxc1 Rxd4 28. Bc3 Rd6 29. Be2 g5 30. Kf1 Kf8
31. a4 Rbb6 32. Bd1 Ke8 33. Bc2 Ra6 34. g4 Bd7 35. Ra1 b5 36. a5 Rdb6 37. Kg2 Rb7 38. Bb4 Rc6 39. Re1 Rbc7 40. Re3 Rh6
41. e5 Rcc6 42. Re1 Rh8 43. Kg3 Rch6 44. Rh1 a6 45. Bd2 Rg8 46. Rd1 Bc6 47. f3 Rgh8 48. Rh1 Rg8
0-1

[Event "AGAH IIIIIIIIII"]
[Site "SchemingMind.com"]
[Date "2023.11.25"]
[Round "-"]
[White "Robert Bruce"]
[Black "Drag0nBall"]
[Result "0-1"]
[WhiteCountry "SCO"]
[BlackCountry "NCA"]
[WhiteElo "2325"]
[WhiteRD "66"]
[BlackElo "2420"]
[BlackRD "114"]
[GameID "739388"]

1. a3 c5 2. Nf3 Nf6 3. g3 Nc6 4. Bg2 e5 5. e4 Nxe4 6. O-O Nf6 7. Re1 Bd6 8. d4 cxd4 9. b4 O-O 10. b5 Na5
11. Nxe5 Bc5 12. Nd3 d6 13. Bg5 h6 14. Bxf6 Qxf6 15. Nd2 Bf5 16. Ne4 Qd8 17. Qh5 Bh7 18. Nf4 Bb6 19. Nd5 Bg6 20. Nef6+ Kh8
21. Qh4 Qc8 22. Ne7 Qxc2 23. Ng4 Kh7 24. Rac1 Qd2 25. Nxg6 Kxg6 26. Qe7 Kh7 27. Qxd6 Nb3 28. Rcd1 Rfe8 29. Ne5 Rad8 30. Qb4 Qc3
31. Bxb7 Ba5 32. Qxc3 dxc3 33. Rxd8 Bxd8 34. Bc6 Rxe5 35. Rxe5 f5 36. Bd7 g6 37. Re2 Nd4 38. Re1 c2 39. Kg2 Ne2 40. Be6 Ba5
41. Rh1 Bd2 42. h4 Nd4 43. Bc4 c1=R 44. Rxc1 Bxc1 45. a4 Bd2 46. f4 h5 47. Kh3 Kg7 48. Bd5 Kf6 49. Kg2 Ne6 50. Bf3 Be1
51. Be2 Nc5 52. Bd1 Ne4 53. Bc2 Nc5
0-1